[Event "FIDE World Cup 13-14"]
[Site "Khanty-Mansiysk"]
[Date "2005.12.15"]
[Round "7.1"]
[White "Van Wely, Loek"]
[Black "Dreev, Alexey"]
[Result "1-0"]
[WhiteElo "2648"]
[BlackElo "2694"]
[Annotator "Marin,Mihail"]
[PlyCount "111"]
[EventDate "2005.11.27"]
[EventType "k.o."]
[EventRounds "7"]
[EventCountry "RUS"]
[SourceTitle "CBM 111"]
[Source "ChessBase"]
[SourceDate "2006.04.04"]
[SourceVersion "1"]
[SourceVersionDate "2006.04.04"]
[SourceQuality "1"]

1. d4 d5 2. c4 c6 3. Nc3 Nf6 4. Nf3 e6 5. Bg5 Nbd7 6. cxd5 exd5 7. e3 Be7 8. Qc2 Nh5 9. Bxe7 Qxe7 10. O-O-O Nhf6 $5 {Not a very popular line. The willing knight retreat aims to prevent White from advancing the white g-pawn without needing to support it with h3. The question whether the knight is really better placed on g7 (after 10...g6 11.g4) remains open.} 11. Bd3 Nb6 12. h3 ({The immediate occupation of the e5-square with} 12. Ne5 {seems to be premature in view of} Ng4 13. Nxg4 (13. e4 $6 Nxe5 14. dxe5 d4 15. Ne2 Qxe5 16. Kb1 Be6 17. f4 Qa5 18. a3 c5 19. f5 Bd7 20. Rc1 Rc8 21. e5 c4 22. e6 Ba4 {0-1 Aagaard,J (2285)-Welling,G (2335)/Budapest 1992/EXT 2002}) 13... Bxg4 14. f3 $6 (14. Rde1 O-O-O) 14... Qxe3+ 15. Kb1 Be6 16. Bxh7 Qf4 17. Ne2 Qg5 18. f4 Qxg2 19. Rhg1 Qh3 20. Rxg7 Qxh2 21. Bf5 Qh6 22. Rdg1 Qf6 23. Bxe6 Qxe6 24. f5 Qf6 25. Qd3 O-O-O $17 {½-½ Huss,A (2325)-Kelecevic,N (2435)/Zuerich 1997/CBM 062 ext (45)}) ({However, it is not entirely clear whether White should prevent ...g4 at such an early stage.} 12. Kb1 {[%cal Yd1c1,Yc3a4] looks entirely playable, leaving the choice regardint the king side configuration for a later stage of the game.} Bg4 13. Rc1 {[%cal Yf3e5]} Bxf3 14. gxf3 {This exchange has only strenghened White's centre.} O-O-O 15. Qb3 Qe6 (15... Kb8 16. a4 Nc8 17. a5 Qc7 18. a6 $14 {[%csl Yc6]}) 16. a4 $1 $36 Ne8 17. Qc2 Kb8 18. a5 Nc8 19. Na4 $16 a6 20. Qb3 Ka7 (20... Ka8 $142) 21. Nc5 Qe7 {1-0 Matamoros Franco,C (2467)-Valdes,L (2338)/Malaga 2001/EXT 2002 (29)} 22. Nxa6 $1 bxa6 23. Rxc6 Nc7 24. Rhc1 $18) 12... Be6 13. Kb1 O-O-O 14. Ka1 ({Later in the same match, in rapid play already, Van Wely transferred the knight to b3 without any prior preparation, possibly under the impression of our main game.} 14. Nd2 Ne8 15. Nb3 Nd6 16. Nc5 $14 {0-1 Van Wely,L (2648)-Dreev,A (2694)/Khanty Mansyisk 2005/CBM 111 (91)}) ({RR} 14. Nd2 Ne8 15. Nb3 Nd6 16. Nc5 Qg5 17. g4 h5 18. f4 Qe7 19. f5 Bd7 20. Rhe1 hxg4 21. hxg4 Kb8 22. Qf2 Bc8 23. Qf4 Qc7 24. b3 Rde8 25. Rh1 f6 26. Kc2 Nf7 27. Kd2 Ng5 28. Bc2 Qxf4 {Van Wely,L (2648)-Dreev,A (2694) Khanty-Mansiysk 2005 0-1 (91)}) 14... Kb8 15. Rb1 $146 {It is not really customary to prepare the minority's attack with this move when the king is on a1. In fact, White will only keep the advance of the b-pawn as a potential threat, but never play it effectively.} ({The new concept relies not in the move itself, but in the fact that White refrains from the standard plan} 15. Rc1 g6 16. Rhd1 Rc8 17. Na4 Nxa4 18. Qxa4 {[%cal Yc1c3] . The main difference compared to the positions where the black king's knight is placed on g7 becomes obvious after} Ne4 $1 {[%csl Yc3,Yf2]} 19. Qc2 Nd6 {when Black achieves an optimal regroupment with gain of time.} 20. g4 f6 21. Rg1 g5 22. Nd2 h5 23. Nb3 hxg4 24. hxg4 Rh4 25. f3 Rh3 $132 {½-½ Gustafsson,J (2535)-Kosanovic,G (2437)/Budapest 2001/CBM 082 ext (56)}) ({RR} 15. Rc1 g6 16. Rhd1 Rc8 17. Na4 Nxa4 18. Qxa4 Ne4 19. Qc2 Nd6 20. g4 f6 21. Rg1 g5 22. Nd2 h5 23. Nb3 hxg4 24. hxg4 Rh4 25. f3 Rh3 26. Rgf1 Rch8 27. Qc5 Nc8 28. Qc3 Nb6 29. Rce1 Rh2 {Gustafsson,J (2535)-Kosanovic,G (2437) Budapest 2001 ½-½ (56)}) 15... Ne8 16. Nd2 Nd6 17. Nb3 {In the lines based on ...g6 and ...g7, the knight is usually transferred to e6, covering the c5-square. Now, this square is vulnerable, which justifies White's plan.} Qf6 18. f3 {It is not easy for Black to prevent WHite from putting his centre into motion.} Rhe8 19. Rhe1 h5 20. Rbd1 h4 {We can see now that the early advance of the h-pawn somewhat restricts White's possibilities.} 21. Qf2 Qg5 22. e4 dxe4 23. fxe4 Bxb3 24. axb3 f6 25. Bc2 Nbc8 26. Rd3 $14 {White has an active position and can quietly prepare the further advance of either of his central pawns.} Re7 27. Kb1 Rde8 28. Rf3 Rh8 29. Rf4 Qh5 30. Bd1 Qh7 31. Ka2 Nb6 32. e5 Ne8 33. exf6 Rxe1 34. fxg7 Qxg7 35. Qxe1 Nc7 36. Rxh4 Re8 37. Re4 Rd8 38. Qh4 Qg8 39. Rg4 Qf8 40. Qg3 a5 41. Rg7 Nba8 42. h4 Qf6 43. Rg8 Rxg8 44. Qxg8+ Ka7 45. Qg5 Qxd4 46. Qxa5+ Na6 47. h5 N8c7 48. h6 b5 49. h7 Kb7 50. Bf3 Qg7 51. Nxb5 Qxh7 52. Nd6+ Ka7 53. Bxc6 Qc2 54. Nb5+ Kb8 55. Qb6+ Kc8 56. Bb7+ 1-0

[Event "Biel GM"]
[Site "Biel"]
[Date "2006.07.28"]
[Round "5"]
[White "Radjabov, Teimour"]
[Black "Bruzon Batista, Lazaro"]
[Result "1-0"]
[WhiteElo "2728"]
[BlackElo "2667"]
[Annotator "Radjabov,Teimour"]
[PlyCount "85"]
[EventDate "2006.07.24"]
[EventType "tourn"]
[EventRounds "10"]
[EventCountry "SUI"]
[EventCategory "17"]
[SourceTitle "CBM 114"]
[Source "ChessBase"]
[SourceDate "2006.10.02"]
[SourceVersion "1"]
[SourceVersionDate "2006.10.02"]
[SourceQuality "1"]

1. d4 Nf6 2. c4 e6 3. Nf3 d5 {It was an important game to fight for the first prize after losing to Morozevich in the previous round. Dies war eine wichtige Partie im Kampf um den ersten Preis, nachdem ich in der vorigen Runde gegen Morozevich verloren hatte.} 4. Nc3 c6 5. Bg5 Nbd7 6. e3 Be7 $5 {Heading for Queen's Gambit Declined positions. Strebt Stellungen aus dem Abgelehnten Damengambit an.} 7. cxd5 exd5 8. Bd3 O-O 9. Qc2 Re8 {A typical piece regrouping. Now Black aims to coordinate pieces. Eine typische Umgruppierung. Schwarz will jetzt seine Figuren koordinieren.} 10. O-O Nf8 11. h3 {A prophylactic move, avoiding any Ng4 or Bg4-h5-g6 and sometimes enabling the manoeuvre Bf4-h2. Ein prophylaktischer Zug, der Sg4 oder Lg4-h5-g6 ausschaltet und manchmal das Manöver Lf4-h2 ermöglicht.} g6 12. Bf4 {An interesting move to bring the bishop on e5. Interessant, der Läufer soll nach e5.} Ne6 13. Be5 {Here because otherwise there was no need for the fast Bf4. Sonst hätte Weiß sich mit Lf4 nicht so beeilen müssen.} Ng7 14. Rab1 {Preparing a queenside attack. Bereitet einen Angriff am Damenflügel vor.} Bf5 15. b4 a6 16. a4 (16. Na4 $5 $14) 16... Bxd3 17. Qxd3 b5 $146 {The only way to prevent worse structural position on the queenside. Der einzige Weg, um eine schlechtere Struktur am Damenflügel zu verhindern.} ({RR} 17... Nd7 18. Bxg7 Kxg7 19. b5 axb5 20. axb5 Bd6 21. Rfc1 Ra3 22. Qc2 Qa8 23. Rb3 Ra5 24. bxc6 bxc6 25. Ne2 Rc8 26. Rc3 Ra2 27. Qd3 Nf6 28. Ne5 Bxe5 29. dxe5 Ne4 30. R3c2 Qa6 31. Qxa6 Rxa6 32. f3 {Valdes Escobar,A (2355)-Aepfler,C (2257) Chess.com INT 2020 ½-½ (63)}) ({RR} 17... Nd7 18. Bxg7 Kxg7 19. b5 axb5 20. axb5 Bd6 21. Rfc1 Ra3 22. Qc2 Qa8 23. Rb3 Ra5 24. bxc6 bxc6 25. Ne2 Rc8 26. Rc3 Ra2 27. Qd3 Nf6 28. Ne5 Bxe5 29. dxe5 Ne4 30. R3c2 Qa6 31. Qxa6 Rxa6 32. f3 {Valdes Escobar,A (2355)-Aepfler,C (2257) Chess.com INT 2020 ½-½ (63)}) 18. Rfc1 Nf5 19. e4 $5 (19. Ne2 $5 {[%cal Ge5f6,Gf3e5]}) (19. Bh2 $5 {to play Ne5 and create some unpleasant threats was also possible. But I guess Ne2 is more interesting mit der Idee Se5 und einigen unangenehmen Drohungen war auch möglich. Aber ich schätze, Se2 ist interessanter.}) 19... dxe4 20. Nxe4 Nxe4 (20... bxa4 21. Rxc6 Nxe4 22. Qxe4 a3 23. g4 Nd6 24. Qd3 (24. Qd5 Nb5 25. Qc4 $14) 24... Nb5 25. d5 Qd7 26. Qc4 Rad8 27. Rd1 $16) 21. Qxe4 Qd5 (21... f6 {was not that great either because now g4 is very strong. war auch nicht so besonders, da nun g4 sehr stark ist.} 22. g4 $1 $16 fxe5 23. gxf5 gxf5 24. Qxc6 (24. Qxf5 exd4 25. Rxc6 Rf8 26. Qe4) 24... Kh8 25. axb5 axb5 26. dxe5 Rg8+ 27. Kh1 (27. Kh2 $14 Qd3) 27... Ra2 28. Rg1 Rxf2 29. Rxg8+ Qxg8 30. Rg1 $16) 22. Qxd5 cxd5 23. axb5 axb5 24. Rc6 $3 {A very important move that had to be foreseen around 5 moves ago. Ein ganz wichtiger Zug, den es etwa 5 Züge zuvor vorherzusehen galt.} Ra2 25. Rb6 f6 $1 26. Bh2 (26. Bb8 $16 {would probably be a better move to close the a8 square for e8 rook, as after the move I played the fantastic manoeuvre Ra8-a3 was possible. wäre wahrscheinlich besser, um dem Turm e8 das Feld a8 zu nehmen, denn nach meinem Zug war das fantastische Manöver Ta8-a3 möglich.}) 26... Bxb4 $6 (26... Rea8 $3 27. g4 (27. Rxb5 Ra1 $3 28. Rf1 Rxf1+ 29. Kxf1 Ra1+ 30. Ke2 Ra2+ $11) (27. Rf1 $5 Bxb4 28. Rxb5 Bc3 29. Rxd5 R2a4 30. g4 Nxd4 31. Kg2 $14) 27... R8a3 $3 {This was really hard to foresee for Black after the Bh2 move. Dies war allerdings für Schwarz nach dem Zug Lh2 wirklich schwer vorherzusehen.} 28. gxf5 Rxf3 29. fxg6 $14) 27. g4 $1 Ba5 (27... Nxd4 $5 {was probably a better choice. war wahrscheinlich eine bessere Wahl.} 28. Nxd4 Bc5 29. Re6 Rxe6 30. Nxe6 Bxf2+ 31. Kh1 $16 (31. Kf1 $16)) 28. Ra6 $1 Ng7 29. Rxb5 Ra3 30. Kg2 Bb4 31. Rxa3 (31. Rxf6 $18 {was quite possible but I was not sure it was the best way objectively. The position I had in the game seemed easy for me to convert after the plan Ra5 and d5 followed by Nd4-c6. war durchaus möglich, aber ich war nicht sicher, dass es objektiv den beste Weg darstellte. Die Position, die ich in der Partie hatte, schien mir leicht verwertbar zu sein, nämlich nach dem Plan Ta5 und d5 nebst Sd4-c6.}) 31... Bxa3 32. Rxd5 Be7 33. Ra5 $1 Rd8 34. d5 $1 Bb4 35. Rb5 Bc3 36. Kf1 $1 {The rest was a matter of a good technique which I have never had problems with. Der Rest war eine Frage guter Technik, mit der ich noch nie Probleme gehabt habe.} h5 37. Ke2 hxg4 38. hxg4 Ra8 39. Rb3 Ba5 40. Nd4 Re8+ 41. Kd3 Be1 42. d6 Rd8 43. Rb7 1-0

[Event "Riga Tal Memorial"]
[Site "Riga"]
[Date "1995.??.??"]
[Round "6"]
[White "Timman, Jan H"]
[Black "Jussupow, Artur"]
[Result "1-0"]
[WhiteElo "2635"]
[BlackElo "2660"]
[Annotator "Ftacnik,Lubomir"]
[PlyCount "76"]
[EventDate "1995.04.??"]
[EventType "tourn"]
[EventRounds "11"]
[EventCountry "LAT"]
[EventCategory "17"]
[SourceTitle "CBM 047"]
[Source "ChessBase"]
[SourceDate "1995.08.01"]
[SourceVersion "1"]
[SourceVersionDate "1995.08.01"]
[SourceQuality "1"]

1. c4 e6 2. Nc3 d5 3. d4 Nf6 4. cxd5 exd5 5. Bg5 Be7 6. e3 O-O 7. Bd3 Nbd7 8. Nge2 Re8 9. O-O c6 10. Qc2 Nf8 11. f3 Be6 12. Rad1 Rc8 13. e4 (13. Nf4 Bd7 14. Rfe1 h6 15. Bxf6 Bxf6 16. Kh1 Rc7 17. b4 a6 18. Na4 Bc8 19. Nc5 Rce7 20. Qf2 g6 21. Bc2 a5 22. a3 axb4 23. axb4 b6 24. Nb3 {Peicheva,V-Thorhallsson,T/Copenhagen op (07)/1990/0-1 (45)}) (13. a3 a6 (13... N6d7 14. Bf4 Ng6 15. Bg3 Bh4 16. b4 Bxg3 17. Nxg3 Nf6 $8 18. Qd2 $6 a5 $5 19. Bb1 axb4 20. axb4 b6 21. f4 Bg4 $1 $8 22. Rc1 Bd7 23. f5 Ne7 $8 24. e4 {Kamsky,G-Van der Sterren,P/Wijk aan Zee (m/4)/1994/1-0 (39)}) 14. Bh4 Ng6 15. Bf2 c5 16. dxc5 Bxc5 17. Bxg6 hxg6 18. Qd2 Qc7 19. Rc1 Qe5 20. Nd4 Bd7 21. Rfe1 g5 22. g4 Ba7 23. Bg3 Qe7 24. h3 {Illescas Cordoba,M-Campora,D/ESP-chT/1994/0.5 (42)}) (13. Bh4 a6 14. Kh1 b5 15. Bf2 Bd7 16. Bg1 g6 17. Qd2 Nh5 18. e4 dxe4 19. fxe4 c5 20. Nd5 Bg5 21. Qe1 c4 22. Bc2 Bc6 23. Nec3 a5 24. Ne3 {Eliet,N-Pedersen,St/EU-chJ Sas van Gent (10)/1992/1-0 (58)}) 13... dxe4 14. fxe4 Ng4 15. Bf4 (15. Bxe7 Qxe7 16. Qd2 c5 17. d5 Bd7 18. h3 Ne5 19. Bb5 Bxb5 20. Nxb5 Nc4 21. Qf4 Ng6 22. Qf2 Qd7 23. Nxa7 Ra8 24. Qxc5 $13 {Vaiser,A-Flear,G/Fuerteventura/1992/0.5 (69)}) (15. Bd2 c5 16. d5 c4 $1 17. dxe6 Nxe6 $15) 15... Ng6 16. e5 Bg5 (16... Nxf4 17. Bxh7+ Kh8 18. Nxf4 Ne3 19. Qd3 Nxd1 20. Nxe6 fxe6 (20... Nxb2 21. Qh3 fxe6 22. Bg6+ $18) 21. Rxd1 $36) 17. Bxg6 (17. Bxg5 Qxg5 {xe3}) 17... hxg6 18. Qd2 Bxf4 19. Nxf4 Bc4 20. Rfe1 (20. Rf3 c5 $1) 20... c5 21. Ne4 $146 (21. e6 cxd4 (21... Bxe6 22. Nxe6 fxe6 23. Qf4 $13) 22. Qxd4 Qxd4+ 23. Rxd4 g5 24. exf7+ Bxf7 $15) ({RR} 21. d5 Rxe5 22. b3 Ba6 23. d6 Qg5 24. Ne4 Qh6 25. h3 Nf6 26. Nxf6+ gxf6 27. Qf2 Qg5 28. Rxe5 fxe5 29. Nd5 Kg7 30. d7 Rd8 31. Nc7 Qe7 32. Ne8+ Kh7 33. a4 e4 34. Rd6 e3 35. Nf6+ Kg7 {Sjugirov,S (2673)-Jussupow,A (2581) Doha 2014 1-0 (44)}) 21... cxd4 22. Nd6 d3 23. Nh3 (23. Nxc8 Qd4+ 24. Kh1 Nf2+ 25. Kg1 Nxd1+ 26. Kf1 Nf2 $1 $19) 23... Rxe5 24. Nxc8 (24. Rxe5 $2 Qxd6 25. Rg5 Qxh2+ $19) 24... Qxc8 25. Rxe5 Nxe5 26. Qe3 f6 27. Nf2 (27. Qxa7 Be6 28. Nf2 Bg4 29. Nxg4 Qxg4 $36) 27... Bd5 28. Rc1 (28. Nxd3 $2 Qg4 29. Rd2 Nf3+ $19) 28... Qf5 29. b3 Ng4 30. Qd4 (30. Nxg4 Qxg4 31. Qd2 Bxg2 $1 32. Qxg2 $140 d2) 30... Nxf2 31. Qxf2 Qg5 32. Re1 (32. Rd1 Be4 $44) 32... f5 33. Qg3 Qxg3 34. hxg3 Kf7 35. Kf2 Kf6 36. Ke3 Be4 37. Rc1 a6 38. Rc7 Bxg2 (38... Bxg2 39. Kxd3 g5 $10) 1-0

[Event "World Cup"]
[Site "Reykjavik"]
[Date "1991.??.??"]
[Round "2"]
[White "Salov, Valery"]
[Black "Beliavsky, Alexander G"]
[Result "1-0"]
[WhiteElo "2665"]
[BlackElo "2655"]
[Annotator "Salov,Valery"]
[PlyCount "81"]
[EventDate "1991.09.??"]
[EventType "tourn"]
[EventRounds "15"]
[EventCountry "ISL"]
[EventCategory "16"]
[SourceTitle "CBM 026"]
[Source "ChessBase"]
[SourceDate "1992.02.01"]
[SourceVersion "1"]
[SourceVersionDate "1992.02.01"]
[SourceQuality "1"]

1. c4 {Ftacnik Ernst} e6 2. Nc3 d5 3. d4 Nf6 4. cxd5 exd5 5. Bg5 Be7 6. e3 c6 7. Bd3 O-O 8. Qc2 Nbd7 9. Nge2 Re8 10. O-O Nf8 11. a3 $5 (11. f3 Nh5 $6 (11... Ng6 $142 12. e4 dxe4 13. fxe4 Be6 $13) 12. Bxe7 Qxe7 13. e4 dxe4 14. fxe4 Bg4 15. e5 Rad8 16. Ne4 Ng6 17. Rad1 Rf8 18. h3 Bxe2 19. Bxe2 Nhf4 20. Bc4 Kh8 $6 (20... Nd5 $142 21. Nd6 Rxd6 22. exd6 Qxd6) 21. Rf3 f6 22. exf6 gxf6 23. Ng3 $16 {Ivanchuk-Yusupov,Brussels cm(3)1991}) 11... a5 (11... g6 $6 12. b4 Ne6 13. Bh4 a6 14. f3 Ng7 15. Bf2 h5 16. h3 Nh7 17. e4 Bh4 18. Qd2 Bxf2+ 19. Rxf2 $16 {Kasparov-Beliavsky,Moscow TV 1987}) (11... Ng4 12. Bxe7 Qxe7 13. h3 Nf6 14. Ng3 Be6 15. Rae1 $14 {Polugaevsky-Torre,Zagreb izt 1987}) (11... Be6 $5 12. b4 Rc8 13. f3 Ng6 14. e4 dxe4 15. fxe4 a5 $132 {Gulko-Van der Sterren,Munich 1990}) 12. f3 ({RR} 12. Rae1 Ng6 13. Ng3 Bd7 14. f3 b5 15. Nce2 Rc8 16. Bf5 c5 17. Qb1 h6 18. Bxf6 Bxf6 19. Bxg6 fxg6 20. Qxg6 Rxe3 21. Nh5 Rc6 22. Qc2 Qe8 23. Qd2 Bg5 24. f4 Bh4 25. Neg3 cxd4 26. f5 Qe5 {Maghsoodloo,P (2695)-Nesterov,A (2601) chess.com INT 2025 0-1 (32)}) 12... Ng6 $146 {TN} (12... c5 13. Rad1 c4 14. Bf5 Bxf5 15. Qxf5 g6 16. Qc2 Ne6 17. Bh4 Nc7 18. a4 $14 {Petursson,M-Bjornsson,T,Reykjavik(op)1990}) (12... h6 {Ftacnik}) ({RR} 12... Nh5 13. Bxe7 Rxe7 14. Qd2 f5 15. Rae1 Nf6 16. Bb1 Be6 17. Nf4 g6 18. h3 Bf7 19. Nd3 N8d7 20. f4 Ne4 21. Qc1 Qb6 22. Ne5 Rd8 23. g4 Be6 24. gxf5 Bxf5 25. Nxe4 dxe4 26. Ba2+ Kg7 27. Kh2 {Spassky,B-Timoscenko,G Leningrad 1967 1-0 (38)}) ({RR} 12... g6 13. Rae1 Ne6 14. Bh4 b5 15. Nb1 Qb6 16. Rc1 Bd7 17. Nd2 a4 18. f4 Ng4 19. Bf2 Rac8 20. Nc3 Qb7 21. Qd1 Ng7 22. Qf3 Ra8 23. Bc2 f5 24. Qe2 c5 25. Qf3 Bc6 26. Nd1 Ne6 27. Nc3 {Brzezina,P (2247)-Sokolovsky,Y (2559) Katowice POL 2026 0-1 (41)}) ({RR} 12... g6 13. Bh4 Ne6 14. Kh1 Ng7 15. Bf2 Bf8 16. Bg1 Be6 17. e4 Rc8 18. Rad1 dxe4 19. fxe4 b5 20. Nf4 Bg4 21. Rde1 b4 22. axb4 axb4 23. Na4 Qa5 24. b3 Ngh5 25. Qf2 Rc7 26. Bc4 Qa7 27. e5 {Beliavsky,A (2624)-Acimovic,V (1728) Otocec 2016 1-0 (49)}) ({RR} 12... Be6 13. e4 dxe4 14. fxe4 Ng6 15. h3 Qc7 16. e5 Nd5 17. Nxd5 Bxd5 18. Bxe7 Rxe7 19. Ng3 Qb6 {½-½ (19) Hoffmann,A-Braun,C (2200) Germany 1994}) 13. e4 dxe4 14. fxe4 Bg4 (14... Be6 $5) (14... Be6 $5 {Ftacnik}) 15. Bxf6 (15. Bc4 $5 b5 16. Bxf7+ Kxf7 17. e5 Kg8 18. exf6 gxf6 19. Bh6 $36) (15. Rad1 Bxe2 16. Bxe2 Nxe4 17. Nxe4 Bxg5 18. Bc4 $44) 15... Bxf6 16. e5 Bg5 17. Bc4 Be6 18. Bxe6 (18. Ne4 $5 Be7 (18... Nf4 19. Nd6 $5 Bxc4 20. Qxc4 Nxe2+ 21. Kh1 $40) 19. Bxe6 fxe6 20. Rad1 $14) 18... Rxe6 19. Ne4 Be7 (19... Be3+ {Ernst} 20. Kh1 Bxd4 $2 21. Rad1 c5 22. Nxc5 $18) 20. Rad1 Qd5 21. N2c3 Qc4 22. b3 Qa6 23. Na4 b6 24. Rf3 c5 $1 (24... Rd8 $5 25. Rdf1 (25. Qf2) 25... Rxd4 26. Rxf7 Nxe5 27. Ng5 Qxf1+ 28. Rxf1 Bxg5 $44) 25. dxc5 bxc5 26. Naxc5 (26. Nexc5 $1 {Ernst} Bxc5+ (26... Qc8 {Ernst} 27. Rc3 Rc6 28. Rd5 Nf4 29. Rd4 Ne6 30. Rdc4 $16) 27. Nxc5 Qb6 28. Rxf7 $1 Rc8 29. b4 axb4 30. axb4 Nxe5 31. Qf5 Ree8 32. Re7 $18) 26... Qb6 27. Kh1 Rc6 28. Rc3 Nxe5 29. Rd5 $1 Qc7 (29... f6 $5) (29... f6 $5 {Ftacnik}) 30. h3 Rc8 $138 (30... f5 31. Ne6 Rxc3 32. Nxc3 Qc6 33. Rxe5 Bf6 34. Nd4 $18) 31. b4 axb4 32. axb4 Ra8 33. Rd1 Bxc5 34. Nxc5 Qe7 35. Qe4 $1 Rac8 36. Re3 f6 37. Rd7 Qf8 $6 (37... Qe8 $142) (37... Qe8 {Ftacnik}) 38. Rb7 Kh8 $6 39. Rg3 R6c7 $2 (39... g6 40. Qh4 (40. Ra3 $1 $40) (40. Ra3 $1 $40 {Ftacnik}) 40... R6c7 41. Ne6 Rxb7 42. Nxf8 Rxf8 $14) (39... Ng6 {Ernst} 40. h4 f5 $14) 40. Ne6 $18 Rc1+ 41. Kh2 1-0

[Event "Candidates FIDE m3"]
[Site "Wijk aan Zee"]
[Date "1994.??.??"]
[Round "4"]
[White "Kamsky, Gata"]
[Black "Van der Sterren, Paul"]
[Result "1-0"]
[WhiteElo "2695"]
[BlackElo "2605"]
[Annotator "Hansen,Lars Bo"]
[PlyCount "78"]
[EventDate "1994.01.16"]
[EventType "match"]
[EventRounds "7"]
[EventCountry "NED"]
[SourceTitle "CBM 039"]
[Source "ChessBase"]
[SourceDate "1994.04.01"]
[SourceVersion "1"]
[SourceVersionDate "1994.04.01"]
[SourceQuality "1"]

1. d4 Nf6 2. c4 e6 3. Nc3 d5 4. cxd5 exd5 5. Bg5 Be7 6. e3 O-O 7. Bd3 c6 (7... Nbd7 8. Nge2 Re8 9. O-O Nf8 10. b4 $1 a6 11. a3 c6 12. Qc2 g6 13. f3 Ne6 14. Bh4 Nh5 15. Bxe7 Rxe7 16. Qd2 $16 {Kasparov,G-Short,N/London m(15)/1993/}) 8. Qc2 Nbd7 9. Nge2 Re8 10. O-O Nf8 11. f3 Be6 12. Rad1 Rc8 {c5} 13. a3 $1 ({RR} 13. Kh1 Ng6 14. a3 Qc7 15. Nf4 Bd7 16. Qf2 Rcd8 17. Rc1 Qd6 18. Nxg6 fxg6 19. Bf4 Qe6 20. Bc7 Rc8 21. Be5 Qf7 22. e4 Be6 23. Qd2 Bf8 24. Ne2 Qd7 25. Bg3 dxe4 26. fxe4 Rcd8 27. Bf2 Bf7 {Ivanchuk,V (2741)-Bruzon Batista,L (2648) Merida 2006 ½-½ (38)}) 13... N6d7 $146 (13... c5 $5 14. dxc5 Rxc5 15. Nd4 $14) ({RR} 13... a6 14. Na4 N6d7 15. Bxe7 Qxe7 16. b4 a5 17. Rb1 axb4 18. axb4 b6 19. Rfc1 g6 20. Nf4 Bf5 21. Re1 Bxd3 22. Nxd3 Ne6 23. Nc3 Nf6 24. Qf2 c5 25. dxc5 bxc5 26. b5 d4 27. exd4 cxd4 28. Ne4 {Gelfand,B (2675)-Piket,J (2575) Wijk aan Zee 1998 ½-½ (31)}) ({RR} 13... Ng6 14. b4 Rc7 15. Kh1 b5 16. Rc1 a6 17. Ng3 Ra7 18. Nce2 Rc7 19. e4 Nxe4 20. Nxe4 dxe4 21. Bxe7 Rexe7 22. Bxe4 Bd5 23. Rcd1 Qe8 24. Ng3 Nf8 25. Nf5 Red7 26. Rfe1 Qd8 27. Ng3 g6 28. Qf2 {Frank,T (1921)-Giacomini,H (2193) Reykjavik 2018 0-1 (51)}) ({RR} 13... Ng6 14. Kh1 Nd7 15. Bxe7 Qxe7 16. b4 Nb6 17. Ng3 Bd7 18. Rde1 Qf6 19. Qf2 Rcd8 20. f4 Nf8 21. f5 Bc8 22. Qf4 Qd6 23. Qh4 Nbd7 24. Nh5 Qh6 25. g4 f6 26. Qg3 Re7 27. Kg1 Rde8 28. Nf4 {Polak,T (2553)-Simacek,P (2461) Brno 2008 1-0 (41)}) 14. Bf4 $1 (14. Bxe7 $6 Qxe7 {× e3}) 14... Ng6 $6 (14... a5 $1 15. Kh1 b5 $1 { } 16. e4 b4 17. axb4 axb4 18. Na4 b3 $5 19. Qb1 Qa5 $132 {Kamsky,G-van der Sterren,P/Wijk aan Zee m(06)/1994/}) 15. Bg3 Bh4 $6 (15... a5) (15... c5 $5) 16. b4 $1 $14 Bxg3 17. Nxg3 Nf6 18. Qd2 a5 19. Bb1 axb4 20. axb4 b6 21. f4 $5 (21. e4) 21... Bg4 $1 22. Rc1 Bd7 23. f5 Ne7 24. e4 $1 dxe4 25. Ncxe4 Nxe4 26. Bxe4 f6 $8 27. Qf4 Rf8 $1 {e8-f7} 28. b5 $1 cxb5 $6 (28... Be8 $1 29. Rfd1 (29. Rcd1 Nd5 $132 {f7}) 29... cxb5 $8 30. d5 $1 Rxc1 31. Rxc1 Nc8 $1 {d6} (31... Nxd5 $2 32. Qd2 Bf7 33. Rd1 $18)) 29. d5 $1 $16 Rc5 $1 $8 30. Rcd1 $1 Kh8 31. Rfe1 Rc4 32. Qf2 Ng8 (32... Nc8 $5) 33. Nh5 $1 {f4-e6} Be8 $2 {Invites the  to e6.33.-,f7 or 33.-,h6!? should offer better chances.} 34. Nf4 Qd6 35. Qg3 $1 Qe5 36. Ne6 $18 Qxg3 37. hxg3 Rf7 38. d6 Rc8 39. Nc7 Bd7 $138 (39... Bd7 40. Rc1 $18 {d5;e6}) 1-0